00714aam a2200241 450000500170000000800410001702000180005804100080007608200190008410000370010324501050014025000160024526000150026126000270027626000090030330000190031249000290033165000340036065000180039465000260041265000180043865000160045620260325164329.0150604b2011 xxu||||| |||| 00| 0 spa d a9789968561297 aESP a364.36 C8374l3 aCosta Rica, Leyes, Decretos, etc aLey de Justicia Penal Juvenil: comentada y concordada con exposición de motivos de proyecto de ley a3 edición aCosta Rica bJurídica Continental c2011 a570 páginas  aInvestigación Criminal aLEY DE JUSTICIA PENAL JUVENIL aDERECHO PENAL aDELINCUENCIA JUVENIL  aLEGISLACIÓN aCOSTA RICA